Times campeões da libertadores (desde 2025) - Statistics

Estatísticas Gerais
  • Esse quiz foi jogado 203 vezes
  • A pontuação média é 22 de 27
Estatísticas das Respostas
Hint Resposta % Correto
4 Flamengo
99%
6 Boca Juniors
97%
3 Palmeiras
97%
3 São Paulo
97%
3 Grêmio
96%
3 Santos
96%
4 River Plate
95%
1 Botafogo
94%
2 Internacional
93%
1 Fluminense
92%
1 Atlético Mineiro
91%
1 Vasco da Gama
91%
1 Corinthians
90%
5 Peñarol
90%
2 Cruzeiro
89%
7 Independiente
84%
3 Nacional
84%
4 Estudiantes
79%
2 Atlético Nacional
77%
1 Racing
76%
3 Olimpia
73%
1 LDU Quito
71%
1 Colo-Colo
65%
1 San Lorenzo
62%
1 Once Caldas
57%
1 Argentinos Juniors
48%
1 Vélez Sarsfield
42%
Nenhum quiz correspondente encontrado
Distribuição das Pontuações
Porcentagem de Pessoas com Cada Pontuação
Percentil de Números Respondidos
Sua Pontuação Histórica
Você não jogou esse quiz